00258nam a2200097Ia 4500008004100000100002500041245004600066260002200112260000900134999001700143170617s9999 xx 000 0 und d aKhar & Nand Pratibha 0aTextbook of Hospital & Clinincal Pharmacy bBIRLA PUBLICATION c2014 c14991d14991